[Event "Wch U14 Girls"]
[Site "Menorca"]
[Date "1996.??.??"]
[EventDate "?"]
[Round "9"]
[Result "1-0"]
[White "Regina Pokorna"]
[Black "Catarina Leite"]
[WhiteElo "2381"]
[BlackElo "2210"]
[PlyCount "39"]

1.e4 e5 2.Nf3 Nc6 3.d4 exd4 4.Nxd4 Bc5 5.Be3 Qf6 6.c3 Nge7
7.Bc4 Ne5 8.Be2 Qg6 9.O-O Qxe4 10.Nb5 Qc6 11.Bxc5 Qxc5 12.Qd4
Qxd4 13.cxd4 N5c6 14.Nxc7+ Kd8 15.Nxa8 Nxd4 16.Bd3 Nd5 17.Nc3
Nb4 18.Rfd1 b6 19.Be4 Nbc6 20.Nb5 1-0

[Event "t-EuCh U18 Girls"]
[Site "Balatonlelle HUN"]
[Date "2000.07.10"]
[EventDate "2000.07.09"]
[Round "2"]
[Result "1/2-1/2"]
[White "Regina Pokorna"]
[Black "Cristina Moshina"]
[WhiteElo "2363"]
[BlackElo "2191"]
[PlyCount "71"]

1. e4 c5 2. Nc3 Nc6 3. g3 g6 4. Bg2 Bg7 5. d3 e6 6. Be3 d6
7. Qd2 Nd4 8. Nd1 e5 9. c3 Ne6 10. Ne2 Ne7 11. d4 f5 12. d5
Nc7 13. f3 O-O 14. h4 h5 15. Nf2 Ne8 16. O-O-O b5 17. Bg5 c4
18. f4 Qc7 19. Nh3 a5 20. fxe5 Bxe5 21. Nhf4 Nf6 22. Nd4 b4
23. Nfe6 Bxe6 24. Nxe6 bxc3 25. bxc3 Qb7 26. Nxf8 Rb8 27. Qc2
Bxc3 28. Qxc3 Qb1+ 29. Kd2 Qxa2+ 30. Ke1 Qxg2 31. Qxf6 Qxg3+
32. Kd2 Qd3+ 33. Ke1 Qg3+ 34. Kd2 Qd3+ 35. Ke1 Qg3+ 36. Kd2
1/2-1/2

[Event "t-EuCh U18 Girls"]
[Site "Balatonlelle HUN"]
[Date "2000.07.11"]
[EventDate "2000.07.09"]
[Round "3"]
[Result "1/2-1/2"]
[White "Anastazia Karlovich"]
[Black "Regina Pokorna"]
[WhiteElo "2273"]
[BlackElo "2363"]
[PlyCount "70"]

1. e4 e5 2. Nf3 Nc6 3. Nc3 Nf6 4. d4 exd4 5. Nxd4 Bb4 6. Nxc6
bxc6 7. Bd3 d5 8. exd5 cxd5 9. O-O O-O 10. Bg5 c6 11. Na4 Re8
12. c3 Be7 13. Re1 Be6 14. Qc2 h6 15. Bh4 Qc7 16. Bg3 Bd6
17. Nc5 Bxg3 18. hxg3 Qd6 19. b4 Nd7 20. Nxd7 Bxd7 21. Bh7+
Kh8 22. Bf5 Bxf5 23. Qxf5 Re7 24. Rxe7 Qxe7 25. b5 cxb5
26. Qxd5 Rb8 27. Rb1 a6 28. a4 Rd8 29. Qc6 Qe2 30. axb5 Rd1+
31. Rxd1 Qxd1+ 32. Kh2 Qh5+ 33. Kg1 Qd1+ 34. Kh2 Qh5+ 35. Kg1
Qd1+ 1/2-1/2

[Event "t-EuCh U18 Girls"]
[Site "Balatonlelle HUN"]
[Date "2000.07.13"]
[EventDate "2000.07.09"]
[Round "5"]
[Result "1-0"]
[White "Regina Pokorna"]
[Black "Ljilja Drljevic"]
[WhiteElo "2363"]
[BlackElo "2116"]
[PlyCount "79"]

1. e4 d6 2. d4 Nf6 3. Nc3 g6 4. f4 Bg7 5. Nf3 O-O 6. Bd3 c5
7. d5 Na6 8. O-O Nc7 9. a4 Rb8 10. Qe1 Bg4 11. Qh4 Qd7 12. f5
a6 13. e5 Bxf3 14. e6 Qe8 15. Rxf3 b5 16. exf7+ Qxf7 17. fxg6
hxg6 18. Qg5 Ncxd5 19. Bd2 e5 20. Bxg6 Qe7 21. Raf1 b4
22. Nxd5 Nxd5 23. Qh5 Nf6 24. Qh4 e4 25. Bh7+ Nxh7 26. Qxe7
exf3 27. Rxf3 Rbe8 28. Qxd6 Nf6 29. Qxc5 Rc8 30. Qxb4 a5
31. Qb3+ Rf7 32. Bc3 Kf8 33. Bxa5 Re8 34. Bb4+ Kg8 35. g4 Re5
36. Bc3 Rg5 37. Bxf6 Rxg4+ 38. Kf1 Bf8 39. Be7 Rgg7 40. Bxf8
1-0

[Event "t-EuCh U18 Girls"]
[Site "Balatonlelle HUN"]
[Date "2000.07.14"]
[EventDate "2000.07.09"]
[Round "6"]
[Result "1/2-1/2"]
[White "Anita Gara"]
[Black "Regina Pokorna"]
[WhiteElo "2291"]
[BlackElo "2363"]
[PlyCount "145"]

1. e4 e5 2. Nf3 Nc6 3. Bb5 a6 4. Ba4 Nf6 5. O-O Be7 6. Re1 b5
7. Bb3 O-O 8. c3 d5 9. exd5 Nxd5 10. Nxe5 Nxe5 11. Rxe5 c6
12. d3 Bd6 13. Re1 Qh4 14. g3 Qh3 15. Re4 Qf5 16. Nd2 Qg6
17. Re1 f5 18. c4 f4 19. Ne4 fxg3 20. fxg3 Bg4 21. Qc2 bxc4
22. dxc4 Rae8 23. cxd5 Bf3 24. dxc6+ Kh8 25. Bd5 Bxg3 26. hxg3
Bxe4 27. Rxe4 Rxe4 28. Bxe4 Qxg3+ 29. Qg2 Qe1+ 30. Kh2 Rf2
31. Bf3 Qe5+ 32. Kh3 Rxg2 33. Kxg2 h5 34. a4 g5 35. Bxh5 Qe6
36. c7 Qc6+ 37. Bf3 Qc2+ 38. Kh3 Qxc7 39. Bxg5 Qh7+ 40. Kg3
Qc7+ 41. Bf4 Qg7+ 42. Bg4 Qxb2 43. Rh1+ Kg7 44. Rh5 Qa3+
45. Bf3 Qxa4 46. Rd5 Kf7 47. Kg4 Qa1 48. Rd6 Qg1+ 49. Kf5 Qc5+
50. Bd5+ Ke7 51. Re6+ Kd7 52. Re5 Qf8+ 53. Ke4 Qb4+ 54. Kf3 a5
55. Rf5 Qc3+ 56. Kg4 Qg7+ 57. Rg5 Qd4 58. Bf3 Qg1+ 59. Bg3 a4
60. Rd5+ Ke7 61. Rd3 Qc1 62. Be4 Qc4 63. Kf3 Qb4 64. Bh4+ Ke6
65. Re3 Kd7 66. Bf5+ Kc6 67. Be1 Qf8 68. Ke4 a3 69. Rc3+ Kb7
70. Rb3+ Kc6 71. Rc3+ Kb7 72. Rb3+ Kc6 73. Rc3+ 1/2-1/2

[Event "KB Czech Open"]
[Site "Pardubice CZE"]
[Date "2000.07.29"]
[EventDate "2000.07.21"]
[Round "9"]
[Result "1-0"]
[White "Regina Pokorna"]
[Black "Petr Mach"]
[WhiteElo "2363"]
[BlackElo "2195"]
[PlyCount "47"]

1. e4 c5 2. Nf3 Nc6 3. d4 cxd4 4. Nxd4 Nf6 5. Nc3 e5 6. Ndb5
d6 7. a4 a6 8. Na3 Be6 9. Bg5 Be7 10. Bc4 O-O 11. Bxf6 Bxf6
12. Nd5 Bg5 13. O-O g6 14. Ba2 Kh8 15. Nc4 b5 16. Nce3 f5
17. Nb4 Bxa2 18. Nxc6 Qb6 19. Qxd6 Rf6 20. Qxe5 Qxc6 21. Rxa2
Re8 22. axb5 axb5 23. Qd5 fxe4 24. Qxg5 1-0

[Event "WCC"]
[Site "Shenyang"]
[Date "2000.09.02"]
[EventDate "?"]
[Round "2"]
[Result "0-1"]
[White "Regina Pokorna"]
[Black "Ekaterina Kovalevskaya"]
[WhiteElo "2363"]
[BlackElo "2475"]
[PlyCount "64"]

1. e4 c5 2. Nf3 Nc6 3. d4 cxd4 4. Nxd4 Nf6 5. Nc3 e5 6. Ndb5
d6 7. a4 a6 8. Na3 Be7 9. Bc4 O-O 10. O-O h6 11. b3 Be6
12. Re1 Rc8 13. Bb2 Nd4 14. Qd3 Nh5 15. Nd5 Bxd5 16. Bxd5 Nf4
17. Qd1 Nxd5 18. exd5 Nf5 19. Nc4 Nh4 20. a5 f5 21. Qd3 f4
22. Nd2 Qd7 23. c4 f3 24. g3 Bg5 25. Ne4 Ng2 26. Red1 Qg4
27. Bc1 Bxc1 28. Nxd6 Rcd8 29. Nxb7 e4 30. Qf1 e3 31. fxe3
Nxe3 32. Raxc1 Nxf1 0-1

[Event "WCC"]
[Site "Shenyang"]
[Date "2000.09.04"]
[EventDate "?"]
[Round "4"]
[Result "1-0"]
[White "Regina Pokorna"]
[Black "Alisa Maric"]
[WhiteElo "2363"]
[BlackElo "2443"]
[PlyCount "55"]

1. e4 e6 2. d4 d5 3. Nd2 c5 4. exd5 Qxd5 5. Ngf3 cxd4 6. Bc4
Qd6 7. O-O Nf6 8. Nb3 Nc6 9. Nbxd4 Nxd4 10. Nxd4 a6 11. Re1
Qc7 12. Bb3 Bd7 13. Qf3 Bd6 14. h3 O-O-O 15. c4 h6 16. Be3 e5
17. c5 Bf8 18. c6 bxc6 19. Bc4 Kb8 20. Nb3 Bc8 21. Qe2 Nd5
22. Bc5 f6 23. Bxa6 Bxa6 24. Qxa6 Qb7 25. Qa4 Bxc5 26. Nxc5
Qb5 27. Qa3 Nb4 28. Qxb4 1-0

[Event "WCC"]
[Site "Shenyang"]
[Date "2000.09.05"]
[EventDate "?"]
[Round "5"]
[Result "1/2-1/2"]
[White "Yuhua Xu"]
[Black "Regina Pokorna"]
[WhiteElo "2505"]
[BlackElo "2363"]
[PlyCount "66"]

1. e4 e5 2. Nf3 Nc6 3. Nc3 Nf6 4. g3 Bc5 5. Bg2 d6 6. d3 Be6
7. Na4 Bb6 8. O-O Qd7 9. Ng5 Bg4 10. Nxb6 axb6 11. f3 Bh5
12. Nh3 d5 13. Bg5 dxe4 14. dxe4 Qxd1 15. Rfxd1 Nd7 16. Rd2 f6
17. Be3 Ke7 18. f4 Rhd8 19. a3 Nc5 20. Rd5 Ne6 21. c3 Bf7
22. Nf2 Nf8 23. Rxd8 Rxd8 24. Rd1 Rxd1+ 25. Nxd1 Bb3 26. Bf3
Nd7 27. Kf2 Na5 28. Be2 Kd6 29. Ke1 Bc4 30. Bg4 Be6 31. Be2
Bc4 32. Bg4 Be6 33. Be2 Bc4 1/2-1/2

[Event "TCh-SVK"]
[Site "SVK"]
[Date "2000.11.25"]
[EventDate "2000.10.21"]
[Round "3"]
[Result "1-0"]
[White "Robert Tibensky"]
[Black "Regina Pokorna"]
[WhiteElo "2414"]
[BlackElo "2363"]
[PlyCount "155"]

1. d4 Nf6 2. Nf3 e6 3. Bg5 d5 4. Nbd2 Be7 5. e3 Nbd7 6. Bd3 b6
7. c3 Bb7 8. Qb1 O-O 9. Ne5 h6 10. Bxf6 Bxf6 11. Nxd7 Qxd7
12. f4 Be7 13. Nf3 Bd6 14. O-O f5 15. g4 Rae8 16. Rf2 g6
17. Rg2 Kf7 18. Qe1 Qd8 19. Qg3 Rg8 20. Qh3 Ke7 21. Qxh6 Kd7
22. gxf5 exf5 23. Kf2 Qe7 24. Ne5+ Bxe5 25. fxe5 Qf7 26. Rag1
Re6 27. Qf4 Rf8 28. Ke2 Kd8 29. Qh4+ Kc8 30. Rg5 Bc6 31. Qg3
Be8 32. h4 Rh8 33. Qf4 Kb8 34. h5 Rxh5 35. Rxh5 gxh5 36. Bxf5
Bb5+ 37. Kd2 Re7 38. Rg5 Qe8 39. Qg3 Qc6 40. b3 a5 41. Rg6 Qb7
42. Qg5 Re8 43. Qxh5 a4 44. Qg5 axb3 45. axb3 Ka7 46. Rg8 Qb8
47. Rxe8 Qxe8 48. Qg2 Qf7 49. Bc2 Bf1 50. Qg3 Ba6 51. Qf4 Qe8
52. e4 dxe4 53. Qxe4 Bb7 54. Qg6 Qh8 55. Kc1 Qh3 56. Kb2 Qe3
57. Qd3 Qe1 58. c4 Bc6 59. Qc3 Qe2 60. d5 Be8 61. Qg3 Kb8
62. e6 Kc8 63. Qd3 Qe5+ 64. Qc3 Qh5 65. Ka3 Qh4 66. b4 Qg5
67. Bb3 Kd8 68. c5 bxc5 69. bxc5 Ke7 70. Kb4 Qf4+ 71. Bc4 Qg5
72. Ka5 Qg1 73. Qa3 Qe1+ 74. Ka6 Qe5 75. Kb7 Bh5 76. Qa5 Kd8
77. d6 Bf3+ 78. Ka7 1-0

[Event "TCh-SVK"]
[Site "SVK"]
[Date "2000.11.26"]
[EventDate "2000.10.21"]
[Round "4"]
[Result "1-0"]
[White "Regina Pokorna"]
[Black "Igor Gazik"]
[WhiteElo "2363"]
[BlackElo "2372"]
[PlyCount "92"]

1. e4 c5 2. Nf3 d6 3. d4 cxd4 4. Nxd4 Nf6 5. Nc3 g6 6. Bc4 Bg7
7. f3 Nc6 8. Be3 Bd7 9. Qd2 Rc8 10. Bb3 O-O 11. O-O-O Ne5
12. h4 Qa5 13. Kb1 Nc4 14. Bxc4 Rxc4 15. Nb3 Qc7 16. Bd4 Rc8
17. Bxf6 Bxf6 18. Nd5 Rxc2 19. Nxc7 Rxd2 20. Rxd2 Rxc7 21. h5
Bb5 22. Nc1 Bg5 23. Rc2 Rxc2 24. Kxc2 f5 25. hxg6 hxg6
26. exf5 gxf5 27. Rh5 Bf6 28. Rxf5 Bf1 29. g4 Kg7 30. Nd3 e6
31. Rh5 e5 32. Rh2 Bg5 33. Rf2 Bh3 34. Rh2 Bf1 35. Rf2 Bh3
36. Nb4 Kf6 37. Kd3 Bh4 38. Rh2 Bf1+ 39. Ke4 Kg5 40. Nd5 Bb5
41. Ne7 Be1 42. Rh8 a5 43. Rb8 Ba6 44. Rd8 Bb4 45. Nf5 Kf6
46. Kd5 Kg5 1-0

[Event "TCh-SVK"]
[Site "SVK"]
[Date "2000.12.16"]
[EventDate "2000.10.21"]
[Round "5"]
[Result "0-1"]
[White "Regina Pokorna"]
[Black "Jan Markos"]
[WhiteElo "2363"]
[BlackElo "2327"]
[PlyCount "106"]

1. e4 c5 2. Nc3 Nc6 3. g3 g6 4. Bg2 Bg7 5. d3 d6 6. Be3 e6
7. Qd2 Qa5 8. Nh3 Nd4 9. O-O Ne7 10. Bh6 O-O 11. Nd5 Qd8
12. Nxe7+ Qxe7 13. Bxg7 Kxg7 14. c3 Nc6 15. f4 f6 16. Rae1 e5
17. f5 Bd7 18. Rf3 Qf7 19. g4 h6 20. Nf2 g5 21. h4 Qxa2
22. hxg5 hxg5 23. Nh3 Qg8 24. Bf1 b5 25. Nxg5 fxg5 26. Qxg5+
Kf7 27. Qh5+ Kf6 28. Qh6+ Ke7 29. Qh4+ Ke8 30. Re2 Qh8 31. Qg5
Qf6 32. Qh5+ Qf7 33. Qh6 Ke7 34. Qh4+ Qf6 35. g5 Rg8 36. Rg2
Qf7 37. Be2 Raf8 38. f6+ Kd8 39. Rff2 Be8 40. Qg3 Kc7 41. Qe3
Qb3 42. Bg4 Nd8 43. Rf1 Ne6 44. Bxe6 Qxe6 45. b4 Kb6 46. d4
cxd4 47. cxd4 exd4 48. Qxd4+ Kb7 49. Rd1 Bc6 50. Qxd6 Qxe4
51. Qe7+ Qxe7 52. fxe7 Re8 53. Rg3 Rxe7 0-1

[Event "TCh-SVK"]
[Site "SVK"]
[Date "2000.12.16"]
[EventDate "2000.10.21"]
[Round "5"]
[Result "1/2-1/2"]
[White "Radomir Hacik"]
[Black "Regina Pokorna"]
[WhiteElo "2251"]
[BlackElo "2087"]
[PlyCount "129"]

1. e4 e5 2. Nf3 Nc6 3. Bb5 a6 4. Ba4 Nf6 5. O-O Be7 6. Re1 b5
7. Bb3 O-O 8. Nc3 d6 9. Nd5 Na5 10. d4 Nd7 11. Bd2 Nc6 12. Be3
Bb7 13. a4 Re8 14. axb5 axb5 15. Rxa8 Bxa8 16. dxe5 dxe5
17. Qd3 b4 18. Bd2 Nc5 19. Qe3 Nxb3 20. cxb3 Bd6 21. Rd1 Qb8
22. Rc1 Ne7 23. Nxe7+ Rxe7 24. Rc4 Rd7 25. Qe1 Qf8 26. Bxb4
Bxb4 27. Rxb4 f5 28. Rc4 Bxe4 29. Nxe5 Re7 30. Qc3 Qf6 31. Rc5
Qd6 32. f3 Bd5 33. f4 g5 34. Qd4 Bxb3 35. Qxd6 cxd6 36. Rc8+
Kg7 37. Nc6 Re2 38. Nd4 Rxb2 39. Rb8 Rb1+ 40. Kf2 Ba2 41. Rxb1
Bxb1 42. Ne6+ Kf6 43. Nxg5 h6 44. Nf3 Kg6 45. h3 h5 46. g3 Kf6
47. Ke3 Be4 48. Nd2 d5 49. Kd4 Ke6 50. Kc5 Bg2 51. h4 Bh1
52. Nb3 Be4 53. Nd4+ Kd7 54. Nb5 Bf3 55. Kd4 Ke6 56. Nc7+ Kd6
57. Ne8+ Ke7 58. Nc7 Kd6 59. Na6 Ke6 60. Kc5 Kd7 61. Nb4 Ke6
62. Kc6 Bg2 63. Nc2 Be4 64. Nd4+ Ke7 65. Kc5 1/2-1/2

[Event "TCh-SVK"]
[Site "SVK"]
[Date "2000.12.17"]
[EventDate "2000.10.21"]
[Round "6"]
[Result "0-1"]
[White "Regina Pokorna"]
[Black "Marek Kolcak"]
[WhiteElo "2087"]
[BlackElo "2194"]
[PlyCount "48"]

1. e4 e6 2. d4 d5 3. e5 c5 4. c3 Nc6 5. Nf3 Bd7 6. Be2 Nge7
7. O-O Ng6 8. a3 c4 9. Re1 Be7 10. h3 O-O 11. Nh2 Na5 12. Nd2
f6 13. exf6 Bxf6 14. Ng4 Qb6 15. Bf1 e5 16. dxe5 Bxg4 17. Qxg4
Bh4 18. Kh1 Bxf2 19. Rd1 Nxe5 20. Qh5 Qe6 21. Nf3 Nxf3
22. gxf3 Rf5 23. Qg4 Raf8 24. Bg2 h5 0-1

[Event "Czech Extra League 2000-1"]
[Site "CZE"]
[Date "2001.01.13"]
[EventDate "2001.01.13"]
[Round "4"]
[Result "1/2-1/2"]
[White "Frantisek Drbohlav"]
[Black "Regina Pokorna"]
[WhiteElo "2266"]
[BlackElo "2329"]
[PlyCount "85"]

1. e4 e5 2. Nf3 Nc6 3. Bb5 a6 4. Ba4 Nf6 5. O-O Be7 6. Re1 b5
7. Bb3 O-O 8. h3 Bb7 9. d3 d6 10. a3 Na5 11. Ba2 c5 12. Nc3
Bc8 13. b4 Nc6 14. Nd5 cxb4 15. axb4 Be6 16. Bd2 Nd7 17. c4
Rc8 18. Bb3 Ndb8 19. Be3 Bxd5 20. exd5 Nxb4 21. cxb5 axb5
22. Qd2 N4a6 23. d4 h6 24. Bxh6 exd4 25. Bf4 Nc5 26. Bc2 d3
27. Bxd3 Nxd3 28. Qxd3 Bf6 29. Rab1 Rc4 30. Re4 Rxe4 31. Qxe4
Na6 32. Rxb5 Nc5 33. Qc4 Be7 34. Nd4 Re8 35. Nc6 Qd7 36. Nxe7+
Qxe7 37. Rb1 Qf6 38. Be3 Qf5 39. Ra1 Ne4 40. Qd3 Qh5 41. Rc1
Nf6 42. Qd1 Qxd5 43. Qxd5 1/2-1/2

[Event "Czech Extra League 2000-1"]
[Site "CZE"]
[Date "2001.01.14"]
[EventDate "2001.01.13"]
[Round "5"]
[Result "1/2-1/2"]
[White "Regina Pokorna"]
[Black "Jan Turner"]
[WhiteElo "2329"]
[BlackElo "2296"]
[PlyCount "30"]

1. e4 e6 2. d4 d5 3. Nd2 c5 4. exd5 exd5 5. Ngf3 Nc6 6. Bb5
Bd6 7. dxc5 Bxc5 8. O-O Nge7 9. Nb3 Bd6 10. Bg5 O-O 11. Bh4
Qc7 12. Bg3 Bf5 13. c3 Rad8 14. Nfd4 Bxg3 15. hxg3 Bg6 1/2-1/2

[Event "TCh-SVK"]
[Site "SVK"]
[Date "2001.01.28"]
[EventDate "2000.10.21"]
[Round "7"]
[Result "1-0"]
[White "Gennadi Timoshchenko"]
[Black "Regina Pokorna"]
[WhiteElo "2529"]
[BlackElo "2363"]
[PlyCount "81"]

1. c4 Nf6 2. Nf3 e6 3. Nc3 d5 4. d4 Nbd7 5. cxd5 exd5 6. Bg5
Be7 7. e3 O-O 8. Qc2 Re8 9. Bd3 Nf8 10. h3 c6 11. Bf4 Bd6
12. Bxd6 Qxd6 13. O-O Ng6 14. Rab1 Qe7 15. b4 a6 16. a4 Ne4
17. b5 axb5 18. axb5 Ra3 19. Ne2 Bf5 20. bxc6 bxc6 21. Ra1
Rxd3 22. Qxd3 Ng3 23. Qd2 Nxf1 24. Kxf1 Qf6 25. Ne1 h6 26. Rc1
Rb8 27. Ng3 Ne7 28. Nxf5 Qxf5 29. Qa2 Qe4 30. Qa3 Qe6 31. Nd3
f6 32. Kg1 Qd7 33. Qc5 Rb5 34. Qc2 Rb6 35. Ra1 Rb8 36. Nc5 Qf5
37. Qd1 Nc8 38. g4 Qg6 39. Qf3 Qf7 40. Qf4 Rb5 41. Ra8 1-0

[Event "TCh-SVK"]
[Site "SVK"]
[Date "2001.02.11"]
[EventDate "2000.10.21"]
[Round "9"]
[Result "0-1"]
[White "Pavel Simacek"]
[Black "Regina Pokorna"]
[WhiteElo "2341"]
[BlackElo "2363"]
[PlyCount "90"]

1. e4 e5 2. Nf3 Nc6 3. Bb5 a6 4. Ba4 Nf6 5. Qe2 b5 6. Bb3 Be7
7. O-O O-O 8. c3 d5 9. d3 Re8 10. a3 h6 11. Rd1 Be6 12. Nbd2
Bf8 13. Nf1 Qe7 14. Ba2 Rad8 15. exd5 Bxd5 16. Ng3 Bxa2
17. Rxa2 Qd7 18. Be3 Nd5 19. Raa1 f5 20. Nf1 f4 21. Bd2 Nf6
22. Be1 Qf5 23. a4 Rd6 24. axb5 axb5 25. Qc2 Red8 26. Qb3+ Qe6
27. Qxe6+ Rxe6 28. Ra6 e4 29. Ne5 Rxe5 30. Rxc6 Rxd3 31. Rxd3
exd3 32. Bd2 Re2 33. Rxc7 Ne4 34. Bxf4 Bd6 35. Rd7 Bxf4
36. Rd8+ Kf7 37. Rxd3 Nf6 38. b3 Re1 39. g3 Bc7 40. Kg2 Bb6
41. Ne3 Bxe3 42. fxe3 Re2+ 43. Kf3 Rxh2 44. Rd4 Rh5 45. Rb4
Rf5+ 0-1

[Event "Czech Extra League 2000-1"]
[Site "CZE"]
[Date "2001.02.24"]
[EventDate "2001.01.13"]
[Round "6"]
[Result "1/2-1/2"]
[White "Regina Pokorna"]
[Black "Eduard Prandstetter"]
[WhiteElo "2329"]
[BlackElo "2410"]
[PlyCount "53"]

1. d4 Nf6 2. Nf3 e6 3. Bg5 d5 4. e3 Be7 5. Nbd2 Ne4 6. Bxe7
Qxe7 7. Bd3 Nxd2 8. Qxd2 Nd7 9. c4 dxc4 10. Bxc4 O-O 11. O-O
c5 12. Rfd1 b6 13. Bb5 Bb7 14. Bxd7 Bxf3 15. gxf3 Qxd7
16. dxc5 Qc6 17. Qd6 Qxf3 18. c6 e5 19. Rac1 Qg4+ 20. Kf1 Qh3+
21. Ke2 Qh5+ 22. Ke1 Qxh2 23. c7 Qg1+ 24. Ke2 Qg4+ 25. Ke1
Qg1+ 26. Ke2 Qg4+ 27. Ke1 1/2-1/2

[Event "Czech Extra League 2000-1"]
[Site "CZE"]
[Date "2001.02.25"]
[EventDate "2001.01.13"]
[Round "7"]
[Result "1/2-1/2"]
[White "Jana Jackova"]
[Black "Regina Pokorna"]
[WhiteElo "2380"]
[BlackElo "2329"]
[PlyCount "100"]

1. e4 e5 2. Nf3 Nc6 3. d4 exd4 4. Bc4 Nf6 5. e5 d5 6. Bb5 Ne4
7. Nxd4 Bd7 8. Bxc6 bxc6 9. O-O Bc5 10. f3 Ng5 11. Be3 Bb6
12. Qd2 h6 13. Nb3 Bf5 14. Re1 O-O 15. Nc3 Ne6 16. Rad1 Qh4
17. Kh1 Rab8 18. Bg1 Rfe8 19. Ne2 Qc4 20. c3 a5 21. Rf1 Bh7
22. Nbc1 Rbd8 23. b3 Qh4 24. Nd4 c5 25. Nc6 Rd7 26. c4 d4
27. Nxa5 Qd8 28. a3 Qa8 29. b4 cxb4 30. axb4 Bxa5 31. bxa5 c5
32. f4 Be4 33. Nd3 Bxd3 34. Qxd3 Qxa5 35. f5 Ng5 36. h4 Nh7
37. Bh2 Qd8 38. f6 gxf6 39. exf6 Nxf6 40. Rf5 Ne4 41. Qf3 Re6
42. Qg4+ Kh7 43. Rdf1 Qe8 44. Rd5 Rde7 45. Qf5+ Kg8 46. Qg4+
Rg6 47. Qf4 Rf6 48. Qg4+ Rg6 49. Qf4 Rf6 50. Qg4+ Rg6 1/2-1/2

[Event "4th IM Women"]
[Site "Rijeka CRO"]
[Date "2001.03.24"]
[EventDate "2001.03.24"]
[Round "1"]
[Result "1-0"]
[White "Regina Pokorna"]
[Black "Radmila Svaljek"]
[WhiteElo "2329"]
[BlackElo "2101"]
[PlyCount "71"]

1. e4 e6 2. d4 d5 3. Nd2 dxe4 4. Nxe4 Bd7 5. Nf3 Bc6 6. Bd3
Bxe4 7. Bxe4 c6 8. c3 Nf6 9. Bc2 Be7 10. O-O Nbd7 11. Re1 O-O
12. Qd3 Re8 13. Ne5 Nxe5 14. Rxe5 g6 15. Qf3 Nd7 16. Re4 Bf6
17. Bh6 Bg7 18. Bxg7 Kxg7 19. Rae1 Qg5 20. h4 Qa5 21. Bb3 Re7
22. g4 Rae8 23. Qf4 h6 24. R1e3 g5 25. Qg3 gxh4 26. Qxh4 Qg5
27. Qg3 Rg8 28. f4 Qf6 29. f5 Rge8 30. fxe6 fxe6 31. g5 hxg5
32. Rg4 Rf7 33. Rxg5+ Kf8 34. Rg8+ Ke7 35. Rxe6+ Qxe6
36. Rxe8+ 1-0

[Event "4th IM Women"]
[Site "Rijeka CRO"]
[Date "2001.03.25"]
[EventDate "2001.03.24"]
[Round "2"]
[Result "0-1"]
[White "Tina Trtanj"]
[Black "Regina Pokorna"]
[WhiteElo "2067"]
[BlackElo "2329"]
[PlyCount "162"]

1. d4 d5 2. Nf3 Nf6 3. c4 e6 4. Nc3 Bb4 5. cxd5 exd5 6. Qc2 c5
7. e3 O-O 8. Be2 Ne4 9. O-O Bf5 10. Qb3 Nc6 11. dxc5 Be6
12. Nd4 Nxc5 13. Nxc6 Nxb3 14. Nxd8 Nxc1 15. Raxc1 Rfxd8
16. Nb5 Ba5 17. Nd4 Bb6 18. Rfd1 Kf8 19. Bf3 Bxd4 20. exd4
Rac8 21. Be2 Ke7 22. Bd3 Kd6 23. f3 Rc6 24. Rc2 Bd7 25. Rdc1
Rb6 26. Kf2 Rb4 27. b3 Rxd4 28. Rc3 Rh4 29. h3 Bc6 30. Rc5 Re8
31. Bb5 Bxb5 32. Rxb5 b6 33. Rd1 Re5 34. a4 Rh6 35. Rc1 Rhe6
36. Rc2 g5 37. a5 Kd7 38. axb6 axb6 39. Rb4 Rc6 40. Rd2 Kd6
41. Ra4 Re7 42. Ra8 Rd7 43. Rg8 h6 44. Rh8 Ke5 45. Re8+ Kf6
46. Rb8 d4 47. Re8 Rc3 48. Re4 Rxb3 49. Rexd4 Rxd4 50. Rxd4
Rb2+ 51. Kg3 b5 52. Rd6+ Kg7 53. Rb6 b4 54. Rb5 b3 55. Rb6 f6
56. Rb7+ Kg6 57. Rb5 Rb1 58. h4 Rb2 59. hxg5 hxg5 60. Kh2 Kf7
61. Rb6 Ke7 62. Kg3 Kf7 63. Kh2 f5 64. Kg1 Rb1+ 65. Kf2 f4
66. Rb5 Kg6 67. Rb8 Kf5 68. Rb5+ Kf6 69. Rb6+ Ke5 70. Rb5+ Kd4
71. Rxg5 Rb2+ 72. Ke1 Rc2 73. Kd1 Kc3 74. Rc5+ Kb2 75. Rg5 Rc4
76. g4 fxg3 77. Rxg3 Rd4+ 78. Ke2 Kc2 79. Rg8 b2 80. Rc8+ Kb3
81. Rb8+ Rb4 0-1

[Event "4th IM Women"]
[Site "Rijeka CRO"]
[Date "2001.03.26"]
[EventDate "2001.03.24"]
[Round "3"]
[Result "1-0"]
[White "Regina Pokorna"]
[Black "Ana Srebrnic"]
[WhiteElo "2329"]
[BlackElo "2178"]
[PlyCount "103"]

1. d4 Nf6 2. Nf3 g6 3. Bg5 Bg7 4. Nbd2 h6 5. Bh4 d6 6. e4 g5
7. Bg3 Nh5 8. Bc4 Nxg3 9. hxg3 c5 10. dxc5 dxc5 11. c3 Nc6
12. Qe2 Bg4 13. Qe3 b6 14. Bd5 Bd7 15. Nc4 Qc7 16. Rd1 Rd8
17. e5 O-O 18. O-O Bg4 19. e6 f6 20. Rd2 Bxf3 21. Bxf3 Rxd2
22. Qxd2 Rd8 23. Qc2 Ne5 24. Be2 Nxc4 25. Bxc4 Qe5 26. Qg6 Rf8
27. Rd1 b5 28. Bd3 f5 29. Bxb5 Qf6 30. Qxf6 Bxf6 31. Rd5 Rb8
32. a4 a6 33. Bxa6 Rxb2 34. Rxc5 Rc2 35. c4 f4 36. gxf4 gxf4
37. Rf5 Rc1+ 38. Kh2 Rc2 39. f3 Bd4 40. Rf7 Bc5 41. Kh3 Bd6
42. Rf5 Kg7 43. Rf7+ Kg8 44. Bb5 Rc1 45. Kh2 Bc5 46. Rf5 Bg1+
47. Kh3 Be3 48. Rf7 h5 49. Kh4 Bc5 50. Kxh5 Rh1+ 51. Kg4 Bd6
52. Rxf4 1-0

[Event "4th IM Women"]
[Site "Rijeka CRO"]
[Date "2001.03.27"]
[EventDate "2001.03.24"]
[Round "4"]
[Result "0-1"]
[White "Karmen Mar"]
[Black "Regina Pokorna"]
[WhiteElo "2121"]
[BlackElo "2329"]
[PlyCount "168"]

1. e4 c5 2. Nf3 e6 3. c4 Nc6 4. Nc3 Nf6 5. Be2 Nd4 6. O-O d6
7. d3 Be7 8. Be3 Nxe2+ 9. Qxe2 O-O 10. d4 cxd4 11. Nxd4 Bd7
12. Rac1 a6 13. f3 Rc8 14. Qd3 Qc7 15. b3 Rfd8 16. g4 h6
17. Kg2 Qb8 18. Bf2 Bc6 19. Bg3 Qa7 20. Bf2 Qb8 21. Bg3 Nd7
22. h4 Ne5 23. Qe3 Qa7 24. Nf5 Qxe3 25. Nxe3 b5 26. cxb5 axb5
27. a4 bxa4 28. bxa4 Nd3 29. Rb1 Nc5 30. a5 Ra8 31. Nc4 Bf6
32. e5 dxe5 33. Bxe5 Bxh4 34. Bc7 Rd7 35. Bb6 Nd3 36. Rbd1
Nf4+ 37. Kh2 Rxd1 38. Rxd1 Nd5 39. Nxd5 Bxd5 40. Nd2 Bd8
41. Bxd8 Rxd8 42. Ne4 Ra8 43. Ra1 Kf8 44. Kg3 Bxe4 45. fxe4 e5
46. Kh4 Ke7 47. g5 Ke6 48. gxh6 gxh6 49. Kg4 Rg8+ 50. Kh5 f5
51. exf5+ Kxf5 52. Rf1+ Ke6 53. Re1 Ra8 54. Kxh6 Rxa5 55. Kg5
Ra8 56. Kg4 Rg8+ 57. Kf3 Kf5 58. Ra1 Rh8 59. Ra7 Rh3+ 60. Ke2
Kf4 61. Rf7+ Ke4 62. Re7 Rh2+ 63. Ke1 Kf4 64. Re8 e4 65. Ra8
Kf3 66. Rf8+ Ke3 67. Kf1 Rh1+ 68. Kg2 Ra1 69. Re8 Rd1 70. Re7
Rd8 71. Kf1 Kd3 72. Kf2 Rd4 73. Re8 Rd7 74. Re6 Rf7+ 75. Ke1
Ke3 76. Re8 Kf3 77. Kd2 Rd7+ 78. Ke1 Rd4 79. Rf8+ Ke3 80. Re8
Rb4 81. Kf1 Rb1+ 82. Kg2 Re1 83. Re7 Kd2 84. Rd7+ Ke2 0-1

[Event "4th IM Women"]
[Site "Rijeka CRO"]
[Date "2001.03.29"]
[EventDate "2001.03.24"]
[Round "6"]
[Result "1/2-1/2"]
[White "Regina Pokorna"]
[Black "Mirjana Medic"]
[WhiteElo "2329"]
[BlackElo "2279"]
[PlyCount "61"]

1. e4 e6 2. d4 d5 3. Nd2 Nf6 4. e5 Nfd7 5. Bd3 c5 6. c3 Nc6
7. Ne2 cxd4 8. cxd4 a5 9. O-O Nb6 10. Nf3 h6 11. Nf4 Bd7
12. a3 a4 13. Bd2 Nc4 14. Bxc4 dxc4 15. Qe2 Be7 16. Rfe1 O-O
17. Qxc4 Na5 18. Qe2 Nb3 19. Rad1 Bc6 20. Bc3 Bd5 21. Nxd5
Qxd5 22. Rd3 Rfd8 23. Nd2 Nxd2 24. Qxd2 f5 25. Qe2 Qb5
26. Red1 Rd5 27. Qh5 Qe8 28. Qxe8+ Rxe8 29. Kf1 Rc8 30. f4 Kf7
31. Ke2 1/2-1/2

[Event "Czech Extra League 2000-1"]
[Site "CZE"]
[Date "2001.04.07"]
[EventDate "2001.01.13"]
[Round "10"]
[Result "1/2-1/2"]
[White "Jaroslav Cempel"]
[Black "Regina Pokorna"]
[WhiteElo "2246"]
[BlackElo "2329"]
[PlyCount "101"]

1. Nf3 Nf6 2. g3 d5 3. Bg2 Bg4 4. c4 c6 5. cxd5 Nxd5 6. Ne5
Be6 7. f4 g6 8. d4 Bg7 9. O-O f6 10. Nd3 Na6 11. Nc3 Qb6
12. e3 Qc7 13. Nxd5 Bxd5 14. Bxd5 cxd5 15. Bd2 Qd7 16. a4 h5
17. b4 Qf5 18. Qe2 Rc8 19. b5 Nc7 20. Rac1 O-O 21. Bb4 Rfe8
22. Rc3 Ne6 23. Rxc8 Rxc8 24. Bxe7 Re8 25. Bb4 Nxd4 26. Qd2
Ne6 27. Nf2 Rc8 28. Rc1 Rxc1+ 29. Qxc1 Kh7 30. h3 Nd8 31. Kg2
Qd7 32. Qc5 a6 33. Qd6 Qxd6 34. Bxd6 axb5 35. axb5 Kg8 36. g4
hxg4 37. hxg4 Kf7 38. f5 gxf5 39. gxf5 Ke8 40. Nd3 Nf7 41. Bf4
Bf8 42. Kf3 Kd7 43. Kg4 Nh6+ 44. Bxh6 Bxh6 45. Nc5+ Kd6
46. Nxb7+ Kc7 47. Nc5 Bxe3 48. b6+ Kxb6 49. Nd7+ Kc6 50. Nxf6
Bd4 51. Nh5 1/2-1/2